000 01533cam a2200133 4500500
005 20251214002644.0
041 _afre
042 _adc
100 1 0 _aRéda-Euvremer, Nicole
_eauthor
245 0 0 _aLa littérature espagnole au XXe siècle
260 _bArmand Colin,
_c2014.
520 _aCet ouvrage aborde dans un ordre chronologique la poésie, le roman et le théâtre en faisant le point sur les œuvres et les auteurs les plus significatifs :· il offre un panorama concis et commenté de la littérature espagnole du XXe siècle ;· il propose une mise en contexte historique des courants littéraires, éclairant leur relation (poids de la guerre civile, du franquisme…) ;· il s’appuie sur de nombreuses citations.Nicole Réda-Euvremer, est professeur agrégé d’espagnol. Elle enseigne en Classes préparatoires au lycée Fénelon, à Paris.La « génération de 98 » : le renouveau culturel au seuil du XXe siècle : Tradition et modernité. Un fils prodigue. La poésie de la « génération de 27 » à l’après-guerre : Célébration de l’être. Désir et réalité. Un poète mythique. Poésie de la guerre et de l’après-guerre. Le roman : Le roman avant la guerre civile. Le roman sous la dictature franquiste. Le roman féminin. La démocratie : les romanciers d’aujourd’hui. Une écriture théâtrale. Le théâtre : Le théâtre contemporain.
856 4 1 _uhttps://shs.cairn.info/la-litterature-espagnole-au-xxe-siecle--9782200018917?lang=fr&redirect-ssocas=7080
999 _c1567313
_d1567313